000 00337nam a22001457a 4500
008 210526b ||||| |||| 00| 0 eng d
020 _a9781437709445
041 _aeng
080 _26th
_a610.73
082 _a610.73
100 _a1
101 _aINF
245 _aInterpersonal Relationships
_cElizabeth C. Arnold
942 _2udc
_cBK
999 _c57613
_d57613